000 00614nam a2200181Ia 4500
008 100917s9999 xx 000 0 und d
082 _b50749
100 _aमोघे मनोहर मो.
245 _aसंवादातून विज्ञान भा. 1
260 _bअनिरूध्द साहित्य
_c1981
300 _a79
365 _b9
520 _aसृ. प. वि.
630 _aसंवादातून विज्ञान भा. 1
650 _aसृ. प. वि.
730 _aसंवादातून विज्ञान भा. 1
942 _cBOOK
999 _c656143
_d656140